| 000 | 01085nam a2200301 c 4500 | ||
|---|---|---|---|
| 003 | BLK | ||
| 005 | 20190913121220.0 | ||
| 008 | 180911b bul|||||r ||||||| ||bul|| | ||
| 010 | _a002859 | ||
| 040 | _aBLK | ||
| 041 | _aBUL | ||
| 080 |
_aПопов, Стоян _x92 _z886.7(092)92 |
||
| 100 | 1 |
_a _eпърви автор |
|
| 245 | 1 | 0 | _aЮБИЛЕЕН сборник 1866 - 1936 |
| 246 |
_aПо случай чествуване 70-год. на Чичо Стоян Попов _bЮБИЛЕЕН сборник |
||
| 260 |
_aСофия _bк-т Бълг. книга _c1936 |
||
| 300 |
_a80 с _c17 см |
||
| 380 | _a82 | ||
| 490 |
_aЧастна колекция - Академик Михаил Арнаудов _gДарение - Основен фонд |
||
| 650 | _aБългарски писатели | ||
| 650 | _aПисатели | ||
| 650 | _aБиографии | ||
| 650 | _aКритика | ||
| 655 | _aбългарско литературознание | ||
| 700 | 1 |
_aКамбуров-Фурен _eРед. |
|
| 852 | _aМА 1988 | ||
| 942 |
_cKNG _n0 |
||
| 944 |
_aCR _c1997 _kValK |
||
| 999 |
_c343198 _d343198 |
||